000 00319nam a2200121Ia 4500
005 20251222152724.0
008 251222s9999||||xx |||||||||||||| ||spa||
020 _a9786124660108
082 _a200/L85
100 _aLoncar, Josip
245 0 _a¿Cómo Creer? ¿Cómo Recibir con Fe? Y ¿Cómo Evangelizar?
942 _cLIB
999 _c29702
_d29702